| 000 | 00522nam a2200193Ia 4500 | ||
|---|---|---|---|
| 005 | 20230826095321.0 | ||
| 008 | 131103s9999 xx 000 0 und d | ||
| 020 |
_a91895782 _cRs 190 |
||
| 040 | _aLoreto College | ||
| 041 | _aEnglish | ||
| 082 |
_a915.4147 _bWEE |
||
| 245 | 4 |
_aThe weekenders _b Adventures in Calcutta _cEdited by Andrew O'Hagan |
|
| 260 |
_aLondon _bEubury Press _c2004 |
||
| 300 | _axv,301p | ||
| 650 | _aIndia, Calcutta, Travel | ||
| 700 | _aO'Hagan, Andrew, ed | ||
| 850 | _aLCLIB | ||
| 942 | _cBK | ||
| 999 |
_c5818 _d56297 |
||